000 00289 a2200097 4500
020 _a9780190124762
100 _aKalpana Kannabiran, ed.
245 _aLaw, Justice, Society: selected works of Upendra Baxi - Law and society Volume 3
260 _bOxford University Press
_c2026
942 _cOO
999 _c116176
_d116175